i Queremos la paz! Documentos de organizaciones y grupos cristianos sobre la paz en Centroamérica
Gorde:
| Egile nagusia: | |
|---|---|
| Formatua: | Ezezaguna |
| Argitaratua: |
San José:
DEI
|
| Etiketak: |
Etiketa erantsi
Etiketarik gabe, Izan zaitez lehena erregistro honi etiketa jartzen!
|
MARC
| LEADER | 00000 a2200000 04500 | ||
|---|---|---|---|
| 001 | 14687 | ||
| 003 | |||
| 008 | 991231s d | ||
| 040 | |a CRAI/IIS |c CRAI/IIS | ||
| 020 | |a 9977-904-04-9 | ||
| 022 | |a 9977-904-04-9 | ||
| 090 | |a 017611 | ||
| 100 | |a Meléndez, Guillermo | ||
| 245 | |a i Queremos la paz! Documentos de organizaciones y grupos cristianos sobre la paz en Centroamérica | ||
| 260 | |a San José: |b DEI | ||
| 300 | |a 150 p. | ||
| 999 | |c 3926 |d 3926 | ||



